Formes de Pokémon aléatoires - Gen 4 - Statistiques

Statistiques générales
  • Ce quiz a été pris 597 fois
  • Le résultat moyen est 16 sur 20
Statistiques - réponses
Par images Réponse % Correct
Arceus
95%
Étouraptor
94%
Lucario
94%
Tortipouss
94%
Dialga
93%
Palkia
93%
Pingoléon
93%
Tiplouf
93%
Givrali
92%
Motisma
92%
Phyllali
92%
Darkrai
91%
Lixy
91%
Giratina
90%
Roserade
90%
Simiabraz
90%
Luxray
89%
Porygon-Z
89%
Gallame
88%
Scorvol
87%
Spiritomb
87%
Blizzi
86%
Goinfrex
86%
Regigigas
86%
Riolu
86%
Apireine
85%
Carchacrok
85%
Castorno
85%
Dimoret
85%
Pijako
85%
Shaymin
85%
Torterra
85%
Coatox
84%
Heatran
84%
Magirêve
84%
Togekiss
84%
Chimpenfeu
83%
Élekable
83%
Étourvol
83%
Keunotor
83%
Ceribou
82%
Corboss
82%
Créfadet
82%
Laporeille
82%
Capidextre
81%
Créfollet
81%
Étourmi
81%
Magnézone
81%
Mime Jr.
81%
Noctunoir
81%
Ouisticram
81%
Baudrive
80%
Boskara
80%
Cresselia
80%
Mammochon
80%
Pachirisu
80%
Apitrini
79%
Ptiravi
79%
Archéodong
78%
Blizzaroi
78%
Créhelf
78%
Griknot
78%
Moufouette
78%
Momartik
77%
Mustéflott
77%
Rhinastoc
76%
Carmache
75%
Maganon
75%
Manaphy
75%
Tarinorme
75%
Archéomire
74%
Mélokrik
74%
Rapion
74%
Rozbouton
74%
Yanmega
74%
Grodrive
73%
Lockpin
73%
Luxio
73%
Vortente
73%
Cradopaud
72%
Dinoclier
72%
Mustébouée
72%
Tritosor
72%
Babimanta
71%
Chaglam
71%
Manzaï
71%
Hippopotas
70%
Phione
69%
Sancoki
69%
Cheniti
68%
Prinplouf
68%
Bastiodon
67%
Bouldeneu
67%
Chaffreux
66%
Coudlangue
66%
Cheniselle
65%
Kranidos
65%
Moufflair
65%
Drascore
64%
Ceriflor
62%
Écayon
61%
Crikzik
56%
Luminéon
56%
Charkos
55%
Papilord
55%
Korillon
49%
Hippodocus
48%
Aucun quiz correspondant
Distribution des résultats
% des personnes avec chaque résultat
Percentile par nombre de réponses
Votre historique - résultats
Vous n’avez pas pris ce quiz